|
|
|
|
| LEADER |
00000nkm a2200000 a 4500 |
| 001 |
vtls001523220 |
| 003 |
SK-MaSNL |
| 005 |
20260302040924.0 |
| 007 |
kf co |
| 008 |
200701s2004 xo g kueng |
| 015 |
|
|
|a SNBG2005/04-01176
|
| 040 |
|
|
|a SNK
|b slo
|c SNK
|e AACR2
|
| 041 |
0 |
|
|a eng
|
| 044 |
|
|
|a xo
|c SK
|
| 080 |
|
|
|a 635.92:582.711.71
|x (059)
|2 snkbusd
|
| 080 |
|
|
|a (059)
|2 MDT-MRF
|
| 245 |
1 |
0 |
|a Roses 2005
|h grafika
|b [nástenný kalendár]
|c photo: James Guilliam ... [et al.]
|
| 260 |
|
|
|a [Banská Bystrica]
|b Spektrum Grafik
|c [2004]
|
| 300 |
|
|
|a 1 kalendár ([12] l)
|c 49 x 47 cm
|
| 650 |
0 |
7 |
|a ruže
|2 snkbusd
|9 58917
|
| 655 |
|
7 |
|a nástenné viaclistové kalendáre
|2 SNKPH
|9 302208
|
| 700 |
1 |
|
|a Guilliam, James
|4 pht
|9 691834
|
| 700 |
1 |
|
|a Ceravolo, Jan
|4 pht
|9 691835
|
| 700 |
1 |
|
|a Craddock, Erika
|4 pht
|9 297207
|
| 710 |
2 |
|
|a Mayer Le Scanff
|4 pht
|9 691836
|
| 710 |
2 |
|
|a JS Sira
|4 pht
|9 691837
|
| 919 |
|
|
|a ISBN
|
| 958 |
|
|
|a GBN
|
| 999 |
|
|
|c 1076621
|d 1078551
|
| 952 |
|
|
|a SNK
|b SNK
|y PREZ
|7 0
|p 17A0465411
|o snkOSA 746
|i snk2005/5772
|8 0
|0 0
|1 0
|4 0
|d 2005-04-11
|l 0
|r 2026-02-24 16:12:55
|w 2026-02-24
|
| 952 |
|
|
|a SNK
|b SNK
|y VYP
|7 0
|p 17A0465413
|o snkOSA 746 D1
|i snk2005/5773
|8 0
|0 0
|1 0
|4 0
|d 2005-04-11
|l 0
|r 2026-02-24 16:12:55
|w 2026-02-24
|